| 000 | 00331nam a22001337a 4500 | ||
|---|---|---|---|
| 020 | _a81-203-0765-8 | ||
| 082 |
_a547 _bMOR/O |
||
| 100 | _aMORRISON, ROBERT THORNTON | ||
| 245 | _aORGANIC CHEMISTRY | ||
| 250 | _aSIXTH EDITION | ||
| 260 |
_aDELHI _bPRENTICE HALL OF HINDIA _c2006 |
||
| 650 |
_aCHEMISTRY REFERENCE _zINDIA |
||
| 942 | _cBK | ||
| 999 |
_c1484 _d1484 |
||